| 000 | 00370nam a2200157Ia 4500 | ||
|---|---|---|---|
| 003 | 0STCL | ||
| 008 | 150530s9999 xx 000 0 und d | ||
| 040 |
_aSTCL _cSTCL |
||
| 100 | _aLamb; Pinion; Editor | ||
| 245 | _aLamb selection letters and essays | ||
| 260 |
_bMacmillan _c1965 |
||
| 546 | _aEnglish | ||
| 942 |
_2ddc _cBK |
||
| 999 |
_c60397 _d60397 |
||
| 005 | 20220125171134.0 | ||